• 首页
  • 本馆介绍
  • 公告通知
  • 最新文献
  • 馆藏检索
  • 电子资源
  • 读者导购
  • 参考咨询
  • 我的图书馆
  • 登录
  • 详细信息显示
  • 放入我的书架
  • 预约/预借图书
  • 作者相关作品
  • 分类相关作品
  • 丛书相关作品
  • 出版社相关作品

书目信息

  • 表格格式
  • 工作单格式
  • 卡片格式
题名:
极致成都
    
 
作者: ;藏羚羊旅行指南编辑部 编著
分册:  
出版信息: 北京   人民邮电出版社  2014
页数: 203页
开本: 21cm
丛书名:
单 册:
中图分类: K928.971.1
科图分类:
主题词: 旅游指南--成都
电子资源:
ISBN: 978-7-115-35452-5
000 00874nam0 2200241 450
001 339922
005 20150604155100.04
010    @a978-7-115-35452-5@dCNY39.80
100    @a20140808d2014 em y0chiy50 ea
101 0  @achi
102    @aCN@b110000
105    @aab z 001yy
106    @ar
200 1  @a极致成都@Aji zhi cheng du@f藏羚羊旅行指南编辑部编著
210    @a北京@c人民邮电出版社@d2014
215    @a203页@c彩图, 地图@d21cm
300    @a藏羚羊旅行指南
330    @a本书从历史、文化、景观、住宿、美食、购物、特色店铺等方面细数成都的经典之处, 向读者展现了一个最不可错过的成都。书中力图为读者呈现最精彩的城市旅游路线、最鲜明的城市特色、最详细的旅游咨询。
606 0  @a旅游指南@y成都
690    @aK928.971.1@v5
711 02 @a藏羚羊旅行指南编辑部@Azang ling yang lv xing zhi nan bian ji bu@4编著
801  0 @aCN@b卓展宏图@c20150525
905    @dK928.971.1@e842@f4
    
    极致成都/藏羚羊旅行指南编辑部编著.-北京:人民邮电出版社,2014
    203页:彩图, 地图;21cm
    藏羚羊旅行指南
    
    ISBN 978-7-115-35452-5:CNY39.80
    本书从历史、文化、景观、住宿、美食、购物、特色店铺等方面细数成都的经典之处, 向读者展现了一个最不可错过的成都。书中力图为读者呈现最精彩的城市旅游路线、最鲜明的城市特色、最详细的旅游咨询。
●
相关链接 在E读中查询图书 在五车中查询图书 在当当中查询图书 在豆瓣中查询图书


正题名:极致成都     索取号:K928.971.1/842         预约/预借

序号 登录号 条形码 馆藏地/架位号 状态 备注
1 854918   208549187   第二样本阅览室/ [索取号:K928.971.1/842] 在馆    
2 854919   208549196   第二借阅区/ [索取号:K928.971.1/842] 在馆    
3 854920   208549203   第二借阅区/ [索取号:K928.971.1/842] 在馆    
4 854921   208549212   资源管理系资料室/ [索取号:K928.971.1/842] 在馆    
唐山师范学院图书馆 欢迎您!
大连网信软件有限公司© 版权所有